[Event "DEN-ch G5-C"]
[Site "Helsingor"]
[Date "2013.03.29"]
[Round "2"]
[White "Larsen, Vagn"]
[Black "Andersen, Kirsten"]
[Result "1-0"]
[WhiteElo "1652"]
[BlackElo "1497"]
[PlyCount "115"]
[EventDate "2013.03.28"]
[EventType "swiss"]
[EventRounds "5"]
[EventCountry "DEN"]
[SourceTitle "EXT 2023"]
[Source "ChessBase"]
[SourceDate "2022.10.05"]
[SourceVersion "1"]
[SourceVersionDate "2022.10.05"]
[SourceQuality "1"]

1. e4 c5 2. Nf3 Nc6 3. d4 cxd4 4. Nxd4 e5 5. Nb3 d6 6. Nc3 Be7 7. Bc4 Nf6 8. 0-0 0-0 9. f4 Qb6+ 10. Kh1 Be6 11. Nd5 Bxd5 12. exd5 Nb8 13. fxe5 dxe5 14. Qe2 Nbd7 15. Be3 Qc7 16. Rad1 a6 17. Nd2 Bd6 18. Bg1 b5 19. Bb3 Rae8 20. Ne4 Nxe4 21. Qxe4 Nf6 22. Qh4 Qd8 23. c3 Be7 24. Bc2 h6 25. Be3 Nd7 26. Qe4 f5 27. Rxf5 Rxf5 28. Qxf5 Nf6 29. Qxe5 Bd6 30. Qd4 Be5 31. Qb6 Bc7 32. Qd4 Be5 33. Qh4 Qd6 34. Qb4 Qb8 35. d6 Bxd6 36. Qxd6 Qxd6 37. Rxd6 Rxe3 38. Rd8+ Kf7 39. h3 Re1+ 40. Kh2 Re2 41. Bb3+ Ke7 42. Ra8 Rxb2 43. Rxa6 Nh5 44. Re6+ Kf8 45. Re5 g6 46. Rxb5 Nf4 47. Rb8+ Ke7 48. Kg3 Nd3 49. Rb7+ Kf6 50. Bd5 Rxb7 51. Bxb7 Nc5 52. Bc6 Ke5 53. c4 Nd3 54. Be8 Kf6 55. a4 Nc5 56. Kf4 g5+ 57. Kf3 Kg7 58. Ke3 1-0